000 00553nam a2200169Ia 4500
008 140609s9999 xx 000 0 und d
020 _a9715380166
050 _aPQ 8897.R5
_b.R627 2010
100 _aRizal, Jose P.
245 _aEl Filibusterismo :
_bfacsimile of the original manuscript /
_cby Jose P. Rizal.
260 _a[Manila, Philippines] :
_bNational Historical Commission of the Philippines,
_cc2010.
300 _a278 p. ;
_c38 cm.
521 _aGE
650 _aManuscripts, Spanish
_xFacsimiles.
942 _kLOC
_cBK
999 _c118263
_d118263